| 000 | 00741nam a2200241Ia 4500 | ||
|---|---|---|---|
| 005 | 20230728141330.0 | ||
| 008 | 210716s2014 xx 000 0 und d | ||
| 020 | _a9789325963962 | ||
| 040 | _cAIMIT LIBRARY | ||
| 041 | _aeng | ||
| 082 |
_a346.07 _26 _bKUCM |
||
| 100 |
_aKuchhal, M C. _9128829 |
||
| 245 |
_aBusiness law / _cBy M C Kuchhal and Vivek Kuchhal. |
||
| 250 | _a6th ed. | ||
| 260 |
_aNew Delhi : _bVikas Publishing House Pvt Ltd , _c2014. |
||
| 300 |
_axxiii,464p. ; _bPB _c20.5 cm. |
||
| 650 |
_aBusiness Law _9128830 |
||
| 651 |
_aLaw of contract _9128831 |
||
| 651 |
_aLaw of sale of goods _9128832 |
||
| 651 |
_aLaw of partnership _9128833 |
||
| 700 |
_aKuchhal, Vivek. _9128834 |
||
| 942 |
_2ddc _cBK _e6th _k346.07 KUCM |
||
| 999 |
_c209102 _d209102 |
||